000 00565nam a2200181Ia 4500
003 GCL
008 140319s9999 xx 000 0 ara d
040 _aGCL /
_cGCL
082 0 4 _a811.9
_bش م
100 1 _aشعبان يوسف
245 1 0 _aمقعد ثابت فى الريح /
_cشعبان يوسف
300 _a75 ص
490 _aكتاب
_v0
650 0 4 _aالشعر العربى - دواوين وقصائد
650 0 4 _aالشعر العربى - العصر الحديث
650 0 4 _aالادب العربى - العصر الحديث
942 _2ddc
_cBK
999 _c42967
_d42967